000 00205 a2200097 4500
001 14838
100 _aKhan Roshan
245 _aAfghans ki Nasli Tareekh
260 _aKarachi
_b
_c
090 _c11609
_d11609
942 _aNUST-CAE
_cM
_c1791
999 _c249911
_d249911